| 000 | 00701nam a22001817a 4500 | ||
|---|---|---|---|
| 005 | 20260427132009.0 | ||
| 008 | 250728b |||||||| |||| 00| 0 eng d | ||
| 020 | _a978-1-80041-884-4 | ||
| 050 | _aJV 236 .F 68 2024 | ||
| 100 | _aEDITED BY: SINFREE MAKONI | ||
| 245 | _aFOUNDATIONAL CONCEPTS OF DECOLONIAL AND SOUTHERN EPISTEMOLOGIES | ||
| 260 |
_aBRISTOL, _bMULTILINGUAL MATTERS, _c2024, |
||
| 300 | _aXIX, 194 P, ILL | ||
| 500 | _aINCLUDES BIBLIOGRAPHICAL REFERENCES AND INDEX | ||
| 650 | _a 1. DECOLONIZATION-DEVELOPING COUNTRIES 2. SOCIOLINGUISTICS 3.DEVELOPING COUNTRIES-INTELLECTUAL LIFE | ||
| 700 | _aEDITORS:ANNA KAIPER-MARQUEZ, MAGDA MADANY-SAA', BASSEY E. ANTIA | ||
| 942 |
_2lcc _cBK |
||
| 999 |
_c215965 _d215965 |
||